00405pab a2200145 454500008004000000100002300040245007500063260000900138300001300147362001200160650001600172650001300188700002500201773003300226180718b2000 xxu||||| |||| 00| 0 eng d aDenison, Dwight V. aTax evasion from a policy perspective: the case of the motor fuels tax c2000 ap.163-72 aMar-Apr aTax evasion aTaxation aEger, Robet J., III. aPublic Administration Review